|
|
|
|
| LEADER |
00000naa2a2200000 4500 |
| 001 |
401588 |
| 005 |
20231101065559.0 |
| 035 |
|
|
|a (RuTPU)RU\TPU\prd\45561
|
| 090 |
|
|
|a 401588
|
| 100 |
|
|
|a 20060904a2006 k y0rusy50 ca
|
| 101 |
0 |
|
|a rus
|
| 102 |
|
|
|a RU
|
| 200 |
1 |
|
|a Интеллектуализация производства - путь к эффективности
|f А. Р. Тынкачев, А. В. Бухнер
|
| 461 |
|
0 |
|0 (RuTPU)RU\TPU\prd\2287
|t Промышленные АСУ и контроллеры
|o ежемесячный научно-технический производственный журнал
|d 2002-
|
| 463 |
|
0 |
|0 (RuTPU)RU\TPU\prd\44794
|t № 6
|v С. 8-11
|d 2006
|
| 610 |
1 |
|
|a производство
|
| 610 |
1 |
|
|a интеллектуализация
|
| 610 |
1 |
|
|a эффективность
|
| 610 |
1 |
|
|a преимущества
|
| 610 |
1 |
|
|a внедрение
|
| 610 |
1 |
|
|a системы управления
|
| 610 |
1 |
|
|a приборы
|
| 610 |
1 |
|
|a обновление
|
| 610 |
1 |
|
|a двухуровневое хранение
|
| 610 |
1 |
|
|a архивы ПК
|
| 610 |
1 |
|
|a информационные системы
|
| 700 |
|
1 |
|a Тынкачев
|b А. Р.
|
| 701 |
|
1 |
|a Бухнер
|b А. В.
|
| 801 |
|
1 |
|a RU
|b 63413507
|c 20060904
|g PSBO
|
| 942 |
|
|
|c BK
|